|
|
|
|
| LEADER |
00000nam0a2200000 4500 |
| 001 |
193858 |
| 005 |
20231101224523.0 |
| 010 |
|
|
|a 9785769577611
|
| 035 |
|
|
|a (RuTPU)RU\TPU\book\211407
|
| 035 |
|
|
|a RU\TPU\book\132585
|
| 090 |
|
|
|a 193858
|
| 100 |
|
|
|a 20071004d2010 m y0rusy50 ca
|
| 101 |
0 |
|
|a rus
|
| 102 |
|
|
|a RU
|
| 105 |
|
|
|a aj j 001zy
|
| 200 |
1 |
|
|a Общая экология
|e учебник
|f А. К. Бродский
|
| 205 |
|
|
|a 5-е изд., перераб. и доп.
|
| 210 |
|
|
|a Москва
|c Академия
|d 2010
|
| 215 |
|
|
|a 255 с.
|c ил.
|
| 225 |
1 |
|
|a Высшее профессиональное образование. Естественные науки
|
| 320 |
|
|
|a Список литературы: с. 251-252.
|
| 330 |
|
|
|a Учебник создан в соответствии с Федеральным государственным образовательным стандартом по направлению бакалавриата «Экология и природопользование». В учебнике дан углубленный анализ функционирования природных систем — от видовых популяций до комплекса видов и экосистем различного уровня. Большое внимание уделено закономерностям генетического, видового и экосистемного разнообразия. Для студентов высших учебных заведений, обучающихся по направлению «Биология», биологическим специальностям и по специальности «Биоэкология» направления «Экология и природопользование».
|
| 606 |
1 |
|
|a Экология
|x (биологические науки)
|2 stltpush
|3 (RuTPU)RU\TPU\subj\67531
|9 83289
|
| 610 |
1 |
|
|a экологические факторы
|
| 610 |
1 |
|
|a абиотические факторы
|
| 610 |
1 |
|
|a питание
|
| 610 |
1 |
|
|a факторы
|
| 610 |
1 |
|
|a популяции
|
| 610 |
1 |
|
|a численность
|
| 610 |
1 |
|
|a динамика
|
| 610 |
1 |
|
|a экологические системы
|
| 610 |
1 |
|
|a экосистемы
|
| 610 |
1 |
|
|a энергетика
|
| 610 |
1 |
|
|a биогеохимические циклы
|
| 610 |
1 |
|
|a биотические сообщества
|
| 610 |
1 |
|
|a биогеоценоз
|
| 610 |
1 |
|
|a учебники
|
| 675 |
|
|
|a 574(075.8)
|v 3
|
| 700 |
|
1 |
|a Бродский
|b А. К.
|g Андрей Константинович
|
| 801 |
|
1 |
|a RU
|b 63413507
|c 20110330
|
| 801 |
|
2 |
|a RU
|b 63413507
|c 20160909
|g RCR
|
| 900 |
|
|
|a Общая экология
|
| 942 |
|
|
|c BK
|
| 951 |
|
|
|b 020400
|b 022000
|
| 959 |
|
|
|a 34/20110330
|d 1
|e 290,40
|f ЧЗТЛ:1
|